000 00856nam a2200253Ia 4500
003 OSt
005 20221005112114.0
006 a|||||r|||| 00| 0
007 ta
008 221004b |||||||| |||| 00| 0 pan d
020 _a8187883316 (hbk)
_c100
024 _a14906
037 _b877, 18/08/2014, H.K. Prakashan
_cTextual
040 _aCRL
_cCRL
_bpan
041 _2pan
_apan
082 _aO153,1NDHIx, P6
100 _aਢਿਲ, ਰਤਨ ਸਿੰਘ
245 0 _aਸਰਘੀ ਦਾ ਇਕਰਾਰ
260 _aਅੰਬਾਲਾ
_bਆਈ ਬੀ ਏ ਪਬਲੀਕੇFਨਗ਼ ਭਾਰਤ
_c2006
300 _a80ਪੰ
_ccm.
650 _aਪੰਜਾਬੀ ਸਾਹਿਤ
942 _hO153,1NDHIx, P6
_cTEXL
_2cc
999 _c1023839
_d1023839